[Event "C.to Regionale Umbria"]
[Site "Foligno ITA"]
[Date "2008.06.08"]
[Round "5"]
[White "Ottaviani, Gianluca"]
[Black "Balducci, Alessandro"]
[Result "1-0"]
[WhiteElo "1923"]
[BlackElo "1819"]
[PlyCount "57"]
[EventDate "2008.06.06"]

1. e4 c5 2. Nf3 d6 3. c3 Nf6 4. h3 a6 5. Bd3 Nc6 6. O-O e6 7. Re1 Qc7 8. Bc2
Be7 9. d4 O-O 10. Nbd2 b5 11. Nf1 Bb7 12. Bg5 Rfe8 13. Qd2 Rac8 14. Rac1 a5 15.
Qf4 e5 16. dxe5 dxe5 17. Qh4 Nd7 18. Ne3 f6 19. Bh6 gxh6 20. Nf5 Bf8 21. Qg4+
Kh8 22. Re3 Ne7 23. N3h4 Nxf5 24. Nxf5 Nb6 25. Rg3 Qf7 26. Bd1 h5 27. Qh4 Red8
28. Bxh5 Qc4 29. Qxf6+ 1-0

[Event "C.to Regionale Umbria"]
[Site "Foligno ITA"]
[Date "2008.06.08"]
[Round "5"]
[White "Parrini, Daniele"]
[Black "Ognibene, Piero"]
[Result "1-0"]
[WhiteElo "2054"]
[BlackElo "1820"]
[PlyCount "24"]
[EventDate "2008.06.06"]

1. d4 Nf6 2. c4 g6 3. Nc3 d5 4. Bf4 Bg7 5. e3 O-O 6. h3 c5 7. Nf3 cxd4 8. Nxd4
Nc6 9. Ndb5 e5 10. Bg5 d4 11. Nd5 Qa5+ 12. Ke2 Nxd5 1-0

[Event "C.to Regionale Umbria"]
[Site "Foligno ITA"]
[Date "2008.06.08"]
[Round "5"]
[White "Piscitelli, Vito"]
[Black "Bertini, Nazzareno"]
[Result "1/2-1/2"]
[WhiteElo "1967"]
[BlackElo "1786"]
[PlyCount "96"]
[EventDate "2008.06.06"]

1. e4 e6 2. d3 d5 3. Nd2 Nf6 4. Ngf3 c5 5. g3 b6 6. c3 Be7 7. Bg2 Bb7 8. e5
Nfd7 9. O-O O-O 10. Re1 Qc7 11. Nf1 Nc6 12. Bf4 d4 13. c4 a5 14. h4 Rab8 15.
N1h2 Nb4 16. a3 Na6 17. a4 Nb4 18. Qe2 Bc6 19. Ng5 g6 20. Ng4 Bxg2 21. Kxg2
Qc6+ 22. f3 Kg7 23. h5 h6 24. Nh3 g5 25. Bd2 Nc2 26. Kh2 Nxa1 27. Rxa1 Bd8 28.
f4 f6 29. exf6+ Bxf6 30. fxg5 Bxg5 31. Bxg5 hxg5 32. Nxg5 e5 33. Nxe5 Rbe8 34.
Ngf7 Nxe5 35. Nxe5 Qe6 36. Re1 Qf5 37. Kg2 Re6 38. Qe4 Qxe4+ 39. Rxe4 Ref6 40.
Ng4 Rf1 41. Re7+ R1f7 42. Re6 Rf3 43. h6+ Kh8 44. Ne5 Rf2+ 45. Kh3 Rg8 46. Re7
Rxb2 47. Nf7+ Kh7 48. Ne5+ Kh8 1/2-1/2

[Event "C.to Regionale Umbria"]
[Site "Foligno ITA"]
[Date "2008.06.08"]
[Round "5"]
[White "Rotoni, Matteo"]
[Black "Caruso, Augusto"]
[Result "1/2-1/2"]
[WhiteElo "2077"]
[BlackElo "2229"]
[PlyCount "98"]
[EventDate "2008.06.06"]

1. e4 e5 2. Nf3 Nc6 3. d4 exd4 4. Nxd4 Nf6 5. Nc3 Bb4 6. Nxc6 bxc6 7. Bd3 d6 8.
O-O Ng4 9. h3 Ne5 10. Be2 Qh4 11. Qd2 Be6 12. Qf4 Qxf4 13. Bxf4 f6 14. Nd1 Bc4
15. Bxc4 Nxc4 16. c3 Bc5 17. b3 Na3 18. Nb2 Kf7 19. Kh1 a5 20. Na4 Ba7 21. Rac1
Rhe8 22. f3 Nb5 23. Rfd1 h5 24. Bh2 Be3 25. Rc2 c5 26. Bg1 Bxg1 27. Kxg1 Na7
28. Nb2 Nc6 29. Nc4 Reb8 30. Rb1 Ra7 31. Rcb2 Rab7 32. a4 Ra7 33. Kf1 Ne5 34.
Ke2 Ke6 35. f4 Nc6 36. Kf3 Rg8 37. g4 Rh8 38. Kg3 Raa8 39. Rh2 Rae8 40. Rd1
hxg4 41. hxg4 Rxh2 42. Kxh2 Kd7 43. Nd2 Rb8 44. Kg3 Ke6 45. Rb1 Kf7 46. Nc4 Re8
47. Kf3 g5 48. Rh1 Rg8 49. Rh7+ Rg7 1/2-1/2

[Event "C.to Regionale Umbria"]
[Site "Foligno ITA"]
[Date "2008.06.08"]
[Round "5"]
[White "Serafini, Gino"]
[Black "Liberi, Michele"]
[Result "1/2-1/2"]
[WhiteElo "1853"]
[BlackElo "1626"]
[PlyCount "38"]
[EventDate "2008.06.06"]

1. d4 Nf6 2. Nf3 d5 3. Bf4 e6 4. e3 c5 5. Be2 Nc6 6. c3 a6 7. Nbd2 b5 8. Ne5
Bb7 9. Ndf3 cxd4 10. exd4 Bd6 11. h3 Qc7 12. O-O O-O 13. Re1 Ne4 14. Bh2 f6 15.
Nd3 Bxh2+ 16. Nxh2 e5 17. Rc1 Rac8 18. Bf3 Ne7 19. Nf1 Ng5 1/2-1/2

[Event "C.to Regionale Umbria"]
[Site "Foligno ITA"]
[Date "2008.06.08"]
[Round "5"]
[White "Tortolini, Francesco"]
[Black "Marcugini, Stefano"]
[Result "1/2-1/2"]
[WhiteElo "1890"]
[BlackElo "1539"]
[PlyCount "62"]
[EventDate "2008.06.06"]

1. e4 e6 2. d4 d5 3. Nc3 Nf6 4. e5 Nfd7 5. f4 c5 6. Nf3 Nc6 7. Be3 Qb6 8. Na4
Qa5+ 9. c3 cxd4 10. Nxd4 Nxd4 11. Bxd4 b5 12. b4 Qxa4 13. Qxa4 bxa4 14. Bb5 a5
15. Bc6 Ra6 16. b5 Rxc6 17. bxc6 Nb8 18. c7 Na6 19. Bb6 Kd7 20. Rb1 Nxc7 21.
Bxa5 Na6 22. Rf1 Bc5 23. Rf3 Ba7 24. c4 Nc5 25. cxd5 exd5 26. Bb6 Bxb6 27. Rxb6
Kc7 28. Rd6 Rd8 29. Rxd8 Kxd8 30. Rc3 Ne4 31. Rd3 Bb7 1/2-1/2

[Event "C.to Regionale Umbria"]
[Site "Foligno ITA"]
[Date "2008.06.08"]
[Round "5"]
[White "Trampetti, Luca"]
[Black "Malfagia, Andrea"]
[Result "0-1"]
[WhiteElo "1980"]
[BlackElo "2288"]
[PlyCount "50"]
[EventDate "2008.06.06"]

1. e4 e6 2. d4 d5 3. Nd2 Nf6 4. e5 Nfd7 5. Bd3 c5 6. c3 Nc6 7. Ne2 cxd4 8. cxd4
f6 9. exf6 Qxf6 10. Nf3 h6 11. h4 Bd6 12. Be3 e5 13. dxe5 Ndxe5 14. Ned4 Bg4
15. Be2 Bb4+ 16. Bd2 Nxd4 17. Bxb4 Nexf3+ 18. gxf3 Bxf3 19. Bxf3 Nxf3+ 20. Kf1
Qf5 21. Kg2 Qg4+ 22. Kf1 O-O-O 23. Qa4 Nd2+ 24. Ke1 Nc4 25. Qxa7 Qe4+ 0-1

[Event "C.to Regionale Umbria"]
[Site "Foligno ITA"]
[Date "2008.06.08"]
[Round "5"]
[White "Vitali, Roberto"]
[Black "Ragnini, Damiano"]
[Result "1/2-1/2"]
[WhiteElo "1574"]
[BlackElo "1847"]
[PlyCount "112"]
[EventDate "2008.06.06"]

1. e4 c5 2. d4 cxd4 3. c3 dxc3 4. Nxc3 e6 5. Nf3 Bb4 6. Bd2 Nc6 7. a3 Be7 8.
Bc4 a6 9. O-O b5 10. Ba2 b4 11. axb4 Nxb4 12. Bc4 Qc7 13. b3 Bb7 14. Qe2 Nf6
15. h3 O-O 16. e5 Bxf3 17. Qxf3 Qxe5 18. Bf4 Qh5 19. g4 Qh4 20. Ra5 d5 21. Re1
g5 22. Bd2 h5 23. Re5 Nh7 24. Nxd5 Nxd5 25. Bxd5 hxg4 26. Qxg4 Qxg4+ 27. hxg4
Ra7 28. Bc4 Rd7 29. Be3 Rd1+ 30. Kg2 Kg7 31. Rxa6 Rh8 32. Ra7 Kf6 33. Rea5 Bb4
34. Ra1 Rhd8 35. Rxd1 Rxd1 36. Rb7 Bc3 37. Kf3 Nf8 38. Ke2 Rb1 39. Rb5 e5 40.
Kd3 Be1 41. Kc2 Ra1 42. Rb6+ Ne6 43. Ra6 Rxa6 44. Bxa6 Bb4 45. Bc4 Nc7 46. Bd2
Bc5 47. f3 Na8 48. Ba5 Bb6 49. b4 Bd4 50. Bd5 Nb6 51. Be4 Nc4 52. Bd8+ Ke6 53.
Bxg5 Nd6 54. Bc6 f5 55. gxf5+ Kxf5 56. Be7 Nc4 1/2-1/2

[Event "C.to Regionale Umbria"]
[Site "Foligno ITA"]
[Date "2008.06.08"]
[Round "6"]
[White "Almadori, Giovanni"]
[Black "Girgenti, Giuseppe"]
[Result "0-1"]
[WhiteElo "1341"]
[BlackElo "1763"]
[PlyCount "72"]
[EventDate "2008.06.06"]

1. Nf3 d5 2. d4 Nf6 3. c4 c6 4. Nc3 e6 5. e3 Nbd7 6. Bd3 dxc4 7. Bxc4 b5 8. Bd3
a6 9. e4 Be7 10. O-O h6 11. h3 O-O 12. Bf4 Re8 13. Rc1 Bb7 14. a3 c5 15. dxc5
Nxc5 16. Bb1 Ncxe4 17. Ne5 Nxc3 18. Rxc3 Qxd1 19. Rxd1 Nd5 20. Rxd5 Bxd5 21.
Rg3 g5 22. Be3 Bd6 23. f4 Kf8 24. Rg4 Ke7 25. h4 Bxe5 26. fxe5 gxh4 27. Rxh4
Rg8 28. Be4 Bxe4 29. Rxe4 Rac8 30. Rd4 Rg6 31. b4 Rc2 32. Rd2 Rxd2 33. Bxd2 Rg3
34. Bc1 Rc3 35. Bb2 Rb3 36. Bc1 Rb1 0-1

[Event "C.to Regionale Umbria"]
[Site "Foligno ITA"]
[Date "2008.06.08"]
[Round "6"]
[White "Balducci, Walter"]
[Black "Yamauchi, Juan"]
[Result "1-0"]
[WhiteElo "1706"]
[BlackElo "1538"]
[PlyCount "39"]
[EventDate "2008.06.06"]

1. e4 c5 2. d4 cxd4 3. Nf3 d6 4. Nxd4 a6 5. Nc3 Nf6 6. Bg5 Nbd7 7. Bd3 g6 8.
Qd2 Bg7 9. Bh6 Nh5 10. Bxg7 Nxg7 11. O-O Ne5 12. Be2 O-O 13. Kh1 b5 14. f4 Nc4
15. Bxc4 bxc4 16. Nc6 Qe8 17. Nd5 Bd7 18. Ncxe7+ Kh8 19. f5 g5 20. Qxg5 1-0

[Event "C.to Regionale Umbria"]
[Site "Foligno ITA"]
[Date "2008.06.08"]
[Round "6"]
[White "Cardinali, Egidio"]
[Black "Bertini, Nazzareno"]
[Result "1-0"]
[WhiteElo "1892"]
[BlackElo "1786"]
[PlyCount "113"]
[EventDate "2008.06.06"]

1. e4 e6 2. d4 d5 3. Nd2 Nf6 4. e5 Nfd7 5. Ngf3 c5 6. c3 Nc6 7. Bb5 a6 8. Bxc6
bxc6 9. O-O cxd4 10. cxd4 c5 11. Nb3 c4 12. Nbd2 Rb8 13. Nb1 Bb4 14. Nc3 Nb6
15. Bd2 Bd7 16. a3 Bxc3 17. Bxc3 Na4 18. Rb1 Rb3 19. Qc1 Qb6 20. Nd2 Rb5 21.
Qc2 Nxc3 22. bxc3 O-O 23. Rxb5 axb5 24. Qb2 Ra8 25. Ra1 Ra4 26. Kf1 Qd8 27. Nf3
Be8 28. Qc1 Qa5 29. h4 Qa7 30. g4 Qe7 31. g5 f6 32. gxf6 gxf6 33. Qh6 Qg7 34.
Qf4 Ra7 35. exf6 Rf7 36. Qg5 Rxf6 37. Qxg7+ Kxg7 38. Kg2 Bg6 39. Ne5 Be4+ 40.
Kg3 Rf8 41. a4 b4 42. cxb4 c3 43. b5 c2 44. a5 Rc8 45. Rc1 Rc3+ 46. Kf4 Rb3 47.
b6 Rb1 48. b7 Rxb7 49. a6 Ra7 50. Ra1 Rxa6 51. Rg1+ Kf8 52. Kg5 Ra4 53. Kf6
Rxd4 54. Ra1 Bg6 55. Ra8+ Be8 56. Nd7+ Kg8 57. Rxe8# 1-0

[Event "C.to Regionale Umbria"]
[Site "Foligno ITA"]
[Date "2008.06.08"]
[Round "6"]
[White "Caruso, Augusto"]
[Black "Ottaviani, Gianluca"]
[Result "1-0"]
[WhiteElo "2229"]
[BlackElo "1923"]
[PlyCount "105"]
[EventDate "2008.06.06"]

1. d4 Nf6 2. Nc3 d5 3. Bg5 Nbd7 4. Nf3 c5 5. e3 Qb6 6. a3 e6 7. Bd3 Bd6 8. O-O
a6 9. Re1 Qc7 10. e4 cxd4 11. Nxd5 exd5 12. e5 Nxe5 13. Nxe5 Be6 14. Nf3 O-O-O
15. c3 Bf4 16. cxd4 Bxg5 17. Nxg5 Qf4 18. Nxe6 fxe6 19. Rxe6 Kb8 20. Be2 Ne4
21. Bf3 Rhf8 22. Qd3 Rc8 23. Rd1 g5 24. Qe3 Qf7 25. Re5 Rc2 26. Bxe4 dxe4 27.
Rf1 Rxb2 28. Qg3 Ka7 29. Rxe4 Rb3 30. Re3 Rb5 31. Rd3 Qf5 32. Qe3 Rd5 33. Rd2
Rfd8 34. Rfd1 R8d7 35. Qe2 Ka8 36. f3 Rd8 37. Qe4 Qd7 38. h3 h5 39. Rd3 h4 40.
Qg4 Qe7 41. Kh1 Ka7 42. Qe4 Qd7 43. Rb3 Re8 44. Qg4 Qd6 45. Rb4 Qf4 46. Rdb1 b5
47. a4 Qxg4 48. hxg4 Rb8 49. Kh2 Rbd8 50. axb5 axb5 51. Rxb5 Rxb5 52. Rxb5 Rxd4
53. Rxg5 1-0

[Event "C.to Regionale Umbria"]
[Site "Foligno ITA"]
[Date "2008.06.08"]
[Round "6"]
[White "Colabrese, Cary"]
[Black "Bagnoli, Luca"]
[Result "1-0"]
[WhiteElo "1586"]
[BlackElo "1506"]
[PlyCount "99"]
[EventDate "2008.06.06"]

1. d4 Nf6 2. c4 c5 3. d5 e5 4. Bg5 d6 5. Nc3 Be7 6. Qc2 a6 7. Nf3 O-O 8. h3 Ne8
9. Bxe7 Qxe7 10. g3 g6 11. e4 Ng7 12. Bg2 f5 13. Nd2 f4 14. O-O Nd7 15. Kh2 g5
16. g4 h5 17. Bf3 hxg4 18. hxg4 Qf6 19. Kg2 Qg6 20. Qd1 Nf6 21. Qe2 Bd7 22. Rh1
Kf7 23. Rh2 Rh8 24. Rah1 Rh7 25. Nf1 Rah8 26. Rxh7 Rxh7 27. Rh2 Nge8 28. a4 Ng8
29. Rh5 Ngf6 30. Nh2 Nxh5 31. gxh5 Qh6 32. Bg4 Bxg4 33. Qxg4 Kg7 34. Nf3 Qxh5
35. Qxg5+ Qxg5+ 36. Nxg5 Rh6 37. Ne6+ Kf6 38. Ne2 Ke7 39. Ng1 Nf6 40. Kf3 Rh1
41. Kg2 Rxg1+ 42. Kxg1 Nxe4 43. Ng7 Nd2 44. Nf5+ Kf6 45. Nxd6 b6 46. Kg2 Kg5
47. f3 Kf6 48. Kf2 Nb3 49. Ke2 Kg5 50. Ne4+ 1-0

[Event "C.to Regionale Umbria"]
[Site "Foligno ITA"]
[Date "2008.06.08"]
[Round "6"]
[White "Coqueraut, Jean Dominique"]
[Black "Cicioni, Luigi"]
[Result "1-0"]
[WhiteElo "1975"]
[BlackElo "1646"]
[PlyCount "85"]
[EventDate "2008.06.06"]

1. d4 Nf6 2. c4 e6 3. Nc3 b6 4. e4 Bb7 5. e5 Ne4 6. Nxe4 Bxe4 7. f3 Bb7 8. a3
d6 9. exd6 Bxd6 10. Be3 O-O 11. Bd3 Qh4+ 12. Bf2 Qg5 13. g3 Nc6 14. h4 Qf6 15.
Be4 Rad8 16. f4 Bxf4 17. gxf4 Qxf4 18. Bxc6 Bxc6 19. Ne2 Qe4 20. Rg1 b5 21.
cxb5 Bxb5 22. Qd2 e5 23. O-O-O Bxe2 24. Rde1 Qc6+ 25. Kb1 Bh5 26. Rxe5 Bg6+ 27.
Ka1 Rfe8 28. Rc1 Qd6 29. Rec5 Rd7 30. Qc3 Qf6 31. Qd2 Rc8 32. Rc6 Qf3 33. Qe1
Be4 34. d5 h6 35. Bg3 Bxd5 36. Rxc7 Rdxc7 37. Rxc7 Rxc7 38. Bxc7 Qb3 39. Kb1
Qc4 40. Be5 Be4+ 41. Ka1 Bd3 42. Bc3 Qxh4 43. Qxh4 1-0

[Event "C.to Regionale Umbria"]
[Site "Foligno ITA"]
[Date "2008.06.08"]
[Round "6"]
[White "Cuppone, Damiano"]
[Black "Trampetti, Luca"]
[Result "0-1"]
[WhiteElo "1776"]
[BlackElo "1980"]
[PlyCount "81"]
[EventDate "2008.06.06"]

1. d4 Nf6 2. c4 e6 3. Nc3 Bb4 4. e3 b6 5. Bd3 Bb7 6. Nf3 Bxc3+ 7. bxc3 Ne4 8.
O-O d6 9. Ne1 O-O 10. f3 Nf6 11. e4 e5 12. Nc2 Nc6 13. Be3 Na5 14. c5 dxc5 15.
dxc5 Qe7 16. Bb5 a6 17. Ba4 bxc5 18. Qe2 Rfd8 19. Qf2 Nd7 20. Bxd7 Rxd7 21.
Bxc5 Qd8 22. Nb4 Rd2 23. Qe1 Nc4 24. Rd1 Qd7 25. Nd5 Rxd1 26. Qxd1 Bxd5 27.
Qxd5 Qxd5 28. exd5 Rd8 29. Rd1 c6 30. d6 f5 31. Kf2 Kf7 32. Ke2 Ke6 33. Rb1 Kd5
34. Bb4 Nxd6 35. Bxd6 Rxd6 36. Rb7 Rg6 37. g3 Kc4 38. Re7 Kxc3 39. Rxe5 Kd4 40.
Rxf5 c5 41. Kd2 0-1

[Event "C.to Regionale Umbria"]
[Site "Foligno ITA"]
[Date "2008.06.08"]
[Round "6"]
[White "Fratini, Mauro"]
[Black "Bassini, Massimo"]
[Result "1-0"]
[WhiteElo "1976"]
[BlackElo "1503"]
[PlyCount "113"]
[EventDate "2008.06.06"]

1. d4 Nf6 2. Nf3 d5 3. Bf4 Bf5 4. e3 e6 5. c4 Bb4+ 6. Nc3 O-O 7. Qb3 Bxc3+ 8.
bxc3 b6 9. cxd5 exd5 10. h3 Qe7 11. Be2 c6 12. O-O Nbd7 13. a4 c5 14. c4 Be4
15. Nd2 dxc4 16. Nxc4 Bd5 17. Qa3 Bxc4 18. Bxc4 Rfe8 19. Rfd1 cxd4 20. Bd6 Qe4
21. Rxd4 Qb7 22. Rad1 Rac8 23. Qa2 Nc5 24. Bxc5 Rxc5 25. Rd7 Nxd7 26. Bxf7+ Kf8
27. Bxe8 Kxe8 28. Qg8+ Nf8 29. Rd4 Qc7 30. Rf4 Qe7 31. Kh2 Rc6 32. f3 Re6 33.
Rxf8+ Qxf8 34. Qxe6+ Qe7 35. Qc8+ Qd8 36. Qc4 Qd6+ 37. f4 Qe7 38. Qg8+ Kd7 39.
Qxh7 Qxe3 40. Qxg7+ Kc6 41. Qf6+ Kc5 42. Qf8+ Kc4 43. h4 b5 44. axb5 Kxb5 45.
Qb8+ Kc6 46. Qc8+ Kb5 47. Qd7+ Kb6 48. Qd6+ Kb5 49. Qe5+ Qxe5 50. fxe5 a5 51.
h5 a4 52. h6 a3 53. h7 a2 54. h8=Q a1=Q 55. Qb8+ Kc4 56. e6 Qf6 57. Qc7+ 1-0

[Event "C.to Regionale Umbria"]
[Site "Foligno ITA"]
[Date "2008.06.08"]
[Round "6"]
[White "Liberi, Michele"]
[Black "Piscitelli, Vito"]
[Result "0-1"]
[WhiteElo "1626"]
[BlackElo "1967"]
[PlyCount "44"]
[EventDate "2008.06.06"]

1. d4 Nf6 2. c4 g6 3. Nc3 Bg7 4. e4 d6 5. Be2 O-O 6. Bg5 Nbd7 7. Qd2 e5 8. dxe5
dxe5 9. O-O-O c6 10. Bg4 Qa5 11. Bxd7 Nxd7 12. h4 f6 13. Bh6 Nc5 14. Bxg7 Kxg7
15. h5 g5 16. Qd6 Be6 17. Nf3 h6 18. Nxe5 fxe5 19. Qxe5+ Kh7 20. Kb1 Rxf2 21.
Rd6 Rxb2+ 22. Kxb2 Na4+ 0-1

[Event "C.to Regionale Umbria"]
[Site "Foligno ITA"]
[Date "2008.06.08"]
[Round "6"]
[White "Maddaloni, Giovanni"]
[Black "Bertolini, Ettore"]
[Result "0-1"]
[WhiteElo "1809"]
[BlackElo "1880"]
[PlyCount "68"]
[EventDate "2008.06.06"]

1. e4 c5 2. c3 Nf6 3. e5 Nd5 4. d4 e6 5. Nf3 Nc6 6. Bb5 Qb6 7. Na3 cxd4 8. Bxc6
Bxa3 9. Bxd5 Bxb2 10. Rb1 Bxc3+ 11. Bd2 Bxd2+ 12. Nxd2 Qa5 13. Be4 Qxe5 14. O-O
d5 15. Bd3 O-O 16. Nf3 Qf6 17. Re1 g6 18. Ne5 Qe7 19. f4 f6 20. Nf3 Qc7 21. g3
Bd7 22. Rb2 Rae8 23. Rc2 Qd6 24. Bf1 Ba4 25. Nxd4 Bxc2 26. Qxc2 Qb6 27. Qf2 e5
28. Nb3 Qxf2+ 29. Kxf2 Re7 30. Rd1 d4 31. Re1 Rc8 32. Nxd4 Rce8 33. Bc4+ Kg7
34. Ne6+ Rxe6 0-1

[Event "C.to Regionale Umbria"]
[Site "Foligno ITA"]
[Date "2008.06.08"]
[Round "6"]
[White "Malfagia, Andrea"]
[Black "Castellano, Alfonso"]
[Result "1-0"]
[WhiteElo "2288"]
[BlackElo "1899"]
[PlyCount "81"]
[EventDate "2008.06.06"]

1. d4 d5 2. c4 e6 3. Nc3 Nf6 4. cxd5 exd5 5. Bg5 Be7 6. e3 c6 7. Qc2 Nbd7 8.
Bd3 h6 9. Bh4 O-O 10. Nge2 Re8 11. O-O Nf8 12. f3 Nh5 13. Bf2 Bd6 14. g4 Nf6
15. h3 Bc7 16. Kg2 b6 17. Rad1 Bb7 18. Qb3 Qe7 19. Rfe1 Rad8 20. Ng3 g6 21. Bb1
Ne6 22. Nce2 Bb8 23. h4 Nh7 24. Rh1 Ng7 25. Qc2 Nf8 26. Rdg1 c5 27. Qd2 Bd6 28.
a3 c4 29. Kf1 Qd7 30. e4 dxe4 31. Nxe4 Bxe4 32. fxe4 Be5 33. Qxh6 Bf6 34. g5
Be7 35. h5 Qb5 36. hxg6 fxg6 37. e5 Qc6 38. Nf4 Qf3 39. Qh8+ Kf7 40. e6+ Nfxe6
41. Bxg6# 1-0

[Event "C.to Regionale Umbria"]
[Site "Foligno ITA"]
[Date "2008.06.08"]
[Round "6"]
[White "Mancin, Michele"]
[Black "Bartolini, Ivan"]
[Result "1/2-1/2"]
[WhiteElo "1778"]
[BlackElo "1473"]
[PlyCount "84"]
[EventDate "2008.06.06"]

1. e4 e5 2. Nf3 f5 3. d3 Nc6 4. Nc3 Bb4 5. Bd2 Nf6 6. Nd5 Bxd2+ 7. Qxd2 f4 8.
h3 d6 9. O-O-O Be6 10. Nxf6+ Qxf6 11. b3 a5 12. d4 Bf7 13. d5 Ne7 14. Qc3 c6
15. dxc6 bxc6 16. Bc4 O-O 17. Bxf7+ Kxf7 18. Qc4+ d5 19. exd5 cxd5 20. Rxd5
Rac8 21. Rc5+ Kg6 22. Qe4+ Kf7 23. Nxe5+ Kg8 24. Rxc8 Rxc8 25. Re1 g6 26. Qd4
Qf5 27. Nc4 Nc6 28. Qe4 Qf6 29. Qe6+ Qxe6 30. Rxe6 a4 31. bxa4 Nd4 32. Nb6
Rxc2+ 33. Kb1 Rxf2 34. Re4 Ne2 35. Nd5 Rxg2 36. Ka1 f3 37. Ne3 Rg1+ 38. Kb2 f2
39. Kc2 Re1 40. Kd2 Ng3 41. Rf4 Ra1 42. Kd3 Rxa2 1/2-1/2

[Event "C.to Regionale Umbria"]
[Site "Foligno ITA"]
[Date "2008.06.08"]
[Round "6"]
[White "Miconi, Francesco"]
[Black "Balducci, Alessandro"]
[Result "1/2-1/2"]
[WhiteElo "1608"]
[BlackElo "1819"]
[PlyCount "51"]
[EventDate "2008.06.06"]

1. e4 c5 2. Nc3 Nc6 3. d3 e6 4. g3 Nf6 5. Bg2 Be7 6. Nge2 O-O 7. f4 d5 8. e5
Nd7 9. O-O a6 10. a4 b6 11. Kh1 Bb7 12. d4 cxd4 13. Nxd4 Nxd4 14. Qxd4 Qc7 15.
Be3 Rfc8 16. Rfc1 Bc5 17. Qd3 Bb4 18. Ne2 Qc4 19. Qxc4 Rxc4 20. c3 Be7 21. Nd4
Rac8 22. Bf1 R4c7 23. Kg1 Nc5 24. Be2 Nd7 25. Kf2 Bc5 26. Bd3 1/2-1/2

[Event "C.to Regionale Umbria"]
[Site "Foligno ITA"]
[Date "2008.06.08"]
[Round "6"]
[White "Migliozzi, Giuseppe"]
[Black "Serafini, Gino"]
[Result "0-1"]
[WhiteElo "1407"]
[BlackElo "1853"]
[PlyCount "114"]
[EventDate "2008.06.06"]

1. Nf3 e6 2. b3 d5 3. Bb2 Nf6 4. e3 c5 5. c4 Be7 6. cxd5 exd5 7. Bb5+ Bd7 8.
Bxd7+ Nbxd7 9. O-O O-O 10. d3 Re8 11. Nc3 Bf8 12. Rc1 a6 13. Re1 Rc8 14. Ne2 g6
15. Ng3 Bg7 16. d4 Qa5 17. a3 Ne4 18. Nxe4 dxe4 19. Nd2 b5 20. Bc3 Qd8 21. Nf1
f5 22. d5 Bxc3 23. Rxc3 Ne5 24. b4 c4 25. Qd4 Qg5 26. Ng3 Nd3 27. Rd1 Qd8 28.
d6 Qd7 29. h4 Re6 30. Rc2 Rxd6 31. Qc3 Rd8 32. Rcd2 Qe7 33. h5 Qg7 34. Qxg7+
Kxg7 35. f3 Re8 36. fxe4 fxe4 37. hxg6 hxg6 38. Nh1 Rde6 39. Ng3 Rh8 40. Ne2 g5
41. Nd4 Rf6 42. g4 Rhf8 43. Nf5+ Kf7 44. Kg2 Rh8 45. Kg3 Ke6 46. Re1 Ke5 47.
Red1 Rf7 48. Rh2 Rxh2 49. Kxh2 c3 50. Nd4 c2 51. Nxc2 Rf2+ 52. Kg1 Rxc2 53. Rf1
Rc1 54. Kg2 Rxf1 55. Kxf1 Kd5 56. Ke2 Kc4 57. Kd2 Ne5 0-1

[Event "C.to Regionale Umbria"]
[Site "Foligno ITA"]
[Date "2008.06.08"]
[Round "6"]
[White "Minelli, Francesco"]
[Black "Cuppone, Fiorentino"]
[Result "1/2-1/2"]
[WhiteElo "1563"]
[BlackElo "1661"]
[PlyCount "54"]
[EventDate "2008.06.06"]

1. e4 c5 2. c3 d5 3. exd5 Qxd5 4. d4 Nc6 5. Nf3 Bg4 6. Be2 cxd4 7. cxd4 e6 8.
Nc3 Qa5 9. a3 Nf6 10. O-O Be7 11. h3 Bh5 12. Bf4 a6 13. Re1 O-O 14. b4 Qd8 15.
g4 Bg6 16. Bc4 Nd5 17. Nxd5 exd5 18. Bf1 h6 19. Rc1 Bd6 20. Ne5 Ne7 21. Bg2 b5
22. Nxg6 Nxg6 23. Bxd6 Qxd6 24. Qf3 Nf4 25. Qg3 Rac8 26. Rc5 Qf6 27. Qe3 Rce8
1/2-1/2

[Event "C.to Regionale Umbria"]
[Site "Foligno ITA"]
[Date "2008.06.08"]
[Round "6"]
[White "Minni, Stefano"]
[Black "Vitali, Roberto"]
[Result "1/2-1/2"]
[WhiteElo "1434"]
[BlackElo "1574"]
[PlyCount "69"]
[EventDate "2008.06.06"]

1. d4 Nf6 2. c4 e5 3. dxe5 Ng4 4. Nf3 Bc5 5. e3 Nc6 6. Be2 Ngxe5 7. O-O O-O 8.
b3 Re8 9. Bb2 Re6 10. Nbd2 d6 11. Nxe5 Nxe5 12. Nf3 Nxf3+ 13. Bxf3 Rh6 14. Bg4
Qh4 15. h3 f5 16. Bf3 Rg6 17. Bd5+ Kh8 18. Qf3 c6 19. Bxc6 Be6 20. Bd5 Bxd5 21.
cxd5 Rf8 22. Rac1 b5 23. Rfe1 h6 24. e4 f4 25. e5 Rg3 26. Qe4 Qxh3 27. Rxc5 f3
28. Qxf3 Rfxf3 29. Rc8+ Kh7 30. fxg3 Rxg3 31. Rc2 Qf5 32. Rf2 Qd3 33. e6 Re3
34. Ref1 Qxd5 35. Rf7 1/2-1/2

[Event "C.to Regionale Umbria"]
[Site "Foligno ITA"]
[Date "2008.06.08"]
[Round "6"]
[White "Ognibene, Piero"]
[Black "Militello, Michele"]
[Result "1/2-1/2"]
[WhiteElo "1820"]
[BlackElo "1893"]
[PlyCount "56"]
[EventDate "2008.06.06"]

1. d4 d5 2. c4 e6 3. Nc3 Nf6 4. Bg5 Be7 5. e3 O-O 6. Nf3 Nbd7 7. Bd3 Re8 8. O-O
Nf8 9. Rc1 Ng6 10. Qc2 c6 11. c5 Nd7 12. Bxe7 Qxe7 13. b4 e5 14. Bxg6 hxg6 15.
dxe5 Nxe5 16. Nxe5 Qxe5 17. Ne2 Bf5 18. Qc3 a6 19. Ng3 Rad8 20. Rfd1 Bg4 21.
Rd4 f5 22. h3 Bh5 23. Rh4 Qe7 24. Nxh5 gxh5 25. Rxh5 Qe4 26. Rd1 Re6 27. Rg5 g6
28. Qd4 Kf7 1/2-1/2

[Event "C.to Regionale Umbria"]
[Site "Foligno ITA"]
[Date "2008.06.08"]
[Round "6"]
[White "Ragnini, Damiano"]
[Black "Angeli, Francesco"]
[Result "1-0"]
[WhiteElo "1847"]
[BlackElo "1437"]
[PlyCount "87"]
[EventDate "2008.06.06"]

1. d4 Nf6 2. c4 e6 3. Nc3 Bb4 4. Qc2 Bxc3+ 5. Qxc3 Ne4 6. Qd3 d5 7. c5 Nc6 8.
a3 Qf6 9. Nf3 Bd7 10. Be3 O-O 11. Nd2 Nxd2 12. Qxd2 h6 13. b4 a6 14. g3 Rad8
15. Bg2 Rfe8 16. O-O Ne7 17. Bf4 Rc8 18. Be5 Qg6 19. Qf4 Nc6 20. Bxc7 Nxd4 21.
Qxd4 Rxc7 22. a4 Qc2 23. Rfe1 Bxa4 24. Rec1 e5 25. Rxc2 exd4 26. Rxa4 d3 27.
exd3 Re1+ 28. Bf1 Rce7 29. Kg2 R7e6 30. d4 h5 31. h4 Rd1 32. Re2 Rxd4 33. Rxe6
fxe6 34. c6 bxc6 35. Rxa6 Rxb4 36. Rxc6 Kf7 37. Bd3 g6 38. Ba6 Rb8 39. Bc8 e5
40. Be6+ Kf6 41. Bxd5+ Kf5 42. Be6+ Ke4 43. Bf7 Kf5 44. Bxg6+ 1-0

[Event "C.to Regionale Umbria"]
[Site "Foligno ITA"]
[Date "2008.06.08"]
[Round "6"]
[White "Romano, Claudio"]
[Black "Capossela, Fabio"]
[Result "1-0"]
[WhiteElo "1506"]
[BlackElo "1620"]
[PlyCount "37"]
[EventDate "2008.06.06"]

1. e4 e5 2. Nf3 Nc6 3. Nc3 Nf6 4. Bb5 Bc5 5. Bxc6 dxc6 6. Nxe5 Qd4 7. Nd3 Nxe4
8. Qe2 Bf5 9. Nxc5 Qxc5 10. Nxe4 Bxe4 11. Qxe4+ Kf8 12. O-O Re8 13. d4 Qb4 14.
Qd3 Qa5 15. Bd2 Qh5 16. Rfe1 Rd8 17. Re5 Qg4 18. Rae1 h5 19. Bb4+ 1-0

[Event "C.to Regionale Umbria"]
[Site "Foligno ITA"]
[Date "2008.06.08"]
[Round "6"]
[White "Rotoni, Matteo"]
[Black "Lantini, Marco"]
[Result "1/2-1/2"]
[WhiteElo "2077"]
[BlackElo "2244"]
[PlyCount "45"]
[EventDate "2008.06.06"]

1. e4 c5 2. c3 Nf6 3. e5 Nd5 4. d4 cxd4 5. cxd4 e6 6. Nc3 Nxc3 7. bxc3 Qc7 8.
Bd2 d6 9. f4 Be7 10. Nf3 O-O 11. Bd3 Nc6 12. O-O Bd7 13. Rb1 Rae8 14. exd6 Bxd6
15. Bxh7+ Kxh7 16. Ng5+ Kg6 17. Qg4 f5 18. Qg3 Kf6 19. d5 exd5 20. Nh7+ Kf7 21.
Ng5+ Kf6 22. Nh7+ Kf7 23. Ng5+ 1/2-1/2

[Event "C.to Regionale Umbria"]
[Site "Foligno ITA"]
[Date "2008.06.08"]
[Round "6"]
[White "Seravelli, Paolo"]
[Black "Gasperoni, Claudio"]
[Result "1-0"]
[WhiteElo "1467"]
[BlackElo "1845"]
[PlyCount "51"]
[EventDate "2008.06.06"]

1. e4 e5 2. Nf3 Nc6 3. Bc4 Be7 4. d4 d6 5. O-O Nf6 6. h3 O-O 7. Nc3 h6 8. Be3
Nh7 9. Qe2 Ng5 10. Nxg5 Bxg5 11. dxe5 Bxe3 12. fxe3 Nxe5 13. Bb3 Qg5 14. Kh2
Bd7 15. Rad1 a6 16. Nd5 Rac8 17. Nf4 Kh7 18. Nd3 Nxd3 19. cxd3 Qe5+ 20. Kg1 f5
21. exf5 Rxf5 22. d4 Rxf1+ 23. Rxf1 Qg5 24. Bc2+ Kg8 25. Qf3 Be6 26. Qe4 1-0